[Event "16PCR_F"]
[Site "?"]
[Date "2006.??.??"]
[Round "?"]
[White "Struzka, Vlastimil"]
[Black "Sindelar, Frantisek"]
[Result "0-1"]
[WhiteElo "2094"]
[BlackElo "2094"]
[PlyCount "92"]
[EventDate "2006.??.??"]
[EventType "corr"]
[SourceDate "2007.01.09"]

1. d4 d5 2. Nf3 Nf6 3. e3 e6 4. Bd3 c5 5. O-O Nbd7 6. c4 dxc4 7. Bxc4 Nb6 8.
Bd3 Bd7 9. Nc3 Rc8 10. dxc5 Bxc5 11. e4 Qc7 12. e5 Nfd5 13. Ne4 Bf8 14. Bg5 Ba4
15. Qe2 Bc6 16. Rac1 h6 17. Bd2 Be7 18. Nc5 O-O 19. Nd4 Bxc5 20. Rxc5 Nd7 21.
Qe4 Rfe8 22. Qh7+ Kf8 23. Rxd5 Bxd5 24. Bb4+ Nc5 25. Bb5 b6 26. Bxe8 Qxe5 27.
Bd7 Rd8 28. Nc6 Bxc6 29. Bxc6 Qxb2 30. Qh8+ Ke7 31. Qxd8+ Kxd8 32. a3 a5 33.
Rd1+ Ke7 34. Bxc5+ bxc5 35. Rd7+ Kf6 36. g3 c4 37. Rb7 Qe2 38. Rb5 c3 39. Rxa5
c2 40. Rc5 Qd1+ 41. Kg2 c1=Q 42. Rxc1 Qxc1 43. Bb5 Qxa3 44. Be2 g5 45. h3 Ke5
46. Bf3 f5 0-1

[Event "16PCR_F"]
[Site "?"]
[Date "2006.??.??"]
[Round "?"]
[White "Cvak, Rudolf"]
[Black "Stika, Vaclav"]
[Result "1/2-1/2"]
[WhiteElo "2204"]
[BlackElo "2142"]
[PlyCount "132"]
[EventDate "2006.??.??"]
[EventType "corr"]
[SourceDate "2007.01.09"]

1. e4 e5 2. Nc3 Nf6 3. Bc4 Nc6 4. d3 Na5 5. Nge2 Nxc4 6. dxc4 Bc5 7. O-O d6 8.
Ng3 Be6 9. Nf5 Bxf5 10. exf5 Qd7 11. Qd3 O-O-O 12. Bg5 c6 13. Rad1 h6 14. Bh4
Rhg8 15. Qf3 Bd4 16. Bxf6 gxf6 17. Ne4 Qe7 18. Qa3 Kb8 19. Rfe1 Rg4 20. g3 Rgg8
21. c3 Bc5 22. b4 Bb6 23. Qb3 h5 24. h4 Bc7 25. a4 Qd7 26. Nxf6 Qxf5 27. Nxg8
Rxg8 28. a5 Qf3 29. Rd2 f5 30. b5 Bxa5 31. c5 Rg7 32. b6 Qxc3 33. Qxc3 Bxc3 34.
Rxd6 axb6 35. cxb6 Kc8 36. Re2 Bd4 37. Kg2 f4 38. Rh6 Rf7 39. gxf4 Rxf4 40.
Rxh5 Bxb6 41. Rhxe5 Rxh4 42. Re8+ Kc7 43. R2e7+ Kd6 44. Rxb7 Bd4 45. Rd8+ Kc5
46. Kg3 Rh1 47. Rbd7 Rg1+ 48. Kf3 Bc3 49. Rd1 Rxd1 50. Rxd1 Bd4 51. Kg3 Kd5 52.
f4 c5 53. f5 Ke5 54. Rf1 Kf6 55. Kf4 Be5+ 56. Ke4 Bd4 57. Rb1 Kg7 58. Rb6 Kf7
59. Kd5 Ke7 60. Re6+ Kf7 61. Rg6 Be3 62. Re6 Bd4 63. Kc4 Bf2 64. Rc6 Bd4 65.
Kd5 Be3 66. Kc4 Bd4 1/2-1/2

[Event "16PCR_F"]
[Site "?"]
[Date "2006.??.??"]
[Round "?"]
[White "Kudr, Roman"]
[Black "Tyrlik, Jaroslav"]
[Result "1/2-1/2"]
[WhiteElo "2177"]
[BlackElo "2076"]
[PlyCount "84"]
[EventDate "2006.??.??"]
[EventType "corr"]
[SourceDate "2007.01.09"]

1. Nf3 d5 2. d4 Nf6 3. Bf4 e6 4. e3 c5 5. c3 Nbd7 6. Nbd2 Be7 7. Bd3 Nh5 8. Be5
O-O 9. Qc2 g6 10. O-O c4 11. Be2 f6 12. Bg3 Nxg3 13. hxg3 b5 14. e4 Bb7 15.
exd5 exd5 16. Rfe1 Re8 17. b3 Qc7 18. Rab1 a6 19. a4 Bc6 20. axb5 axb5 21. Nf1
Nb6 22. b4 Bd7 23. Ra1 Rxa1 24. Rxa1 Bf5 25. Qd2 Bf8 26. Re1 Nc8 27. Bd1 Rxe1
28. Qxe1 Nd6 29. N3d2 Qd7 30. Ne3 Be6 31. Bf3 Nf7 32. Qa1 Qb7 33. Bg4 f5 34.
Be2 Bh6 35. Nef1 Kg7 36. Nf3 Qb6 37. Bd1 Bc8 38. Bc2 Qa6 39. Qe1 Qe6 40. Qa1
Qe7 41. Qa8 Qb7 42. Qa1 Bd7 1/2-1/2

[Event "16PCR_F"]
[Site "?"]
[Date "2006.??.??"]
[Round "?"]
[White "Mateka, Petr"]
[Black "Houdek, Vladimir"]
[Result "1-0"]
[WhiteElo "2229"]
[BlackElo "2147"]
[PlyCount "103"]
[EventDate "2006.??.??"]
[EventType "corr"]
[SourceDate "2007.01.09"]

1. e4 e5 2. Nf3 Nc6 3. Bb5 a6 4. Ba4 Nf6 5. O-O Be7 6. Re1 b5 7. Bb3 d6 8. c3
O-O 9. h3 Na5 10. Bc2 c5 11. d4 Qc7 12. Nbd2 cxd4 13. cxd4 Nc6 14. Nb3 a5 15.
Be3 a4 16. Nbd2 Bd7 17. Rc1 Qb7 18. Qe2 Rfc8 19. Bd3 Rab8 20. a3 Bf8 21. Red1
exd4 22. Nxd4 d5 23. Nxc6 Bxc6 24. e5 Ne4 25. Bb1 Re8 26. Nf3 b4 27. axb4 Bb5
28. Bd3 Bd7 29. Ba6 Bb5 30. Bxb5 Qxb5 31. Qc2 Rb7 32. Rd3 Bxb4 33. Qd1 Rd7 34.
Nd4 Qb7 35. Nc6 Bc5 36. Bxc5 Qxc6 37. Bd4 Qb5 38. Ra3 f6 39. exf6 Nxf6 40. Qxa4
Qxa4 41. Rxa4 Kf7 42. b4 Rb8 43. Rb1 Rb5 44. Ra5 Rdb7 45. Rxb5 Rxb5 46. Kf1 Nh5
47. Bc5 Nf6 48. Rd1 h5 49. f3 h4 50. Re1 g5 51. Re5 Kg6 52. Ke1 1-0

[Event "16PCR_F"]
[Site "?"]
[Date "2006.??.??"]
[Round "?"]
[White "Mateka, Petr"]
[Black "Trs, Jan"]
[Result "1-0"]
[WhiteElo "2229"]
[BlackElo "2252"]
[PlyCount "75"]
[EventDate "2006.??.??"]
[EventType "corr"]
[SourceDate "2007.01.09"]

1. e4 c6 2. d4 d5 3. exd5 cxd5 4. c3 Nc6 5. Nf3 Bg4 6. Qb3 Bxf3 7. Qxb7 Qc8 8.
Qxc8+ Rxc8 9. gxf3 Nxd4 10. Kd1 Nc6 11. Be3 a5 12. Bb5 e6 13. Nd2 Bd6 14. Nb3
Ke7 15. Bxc6 Rxc6 16. Nxa5 Rc7 17. Bb6 Rc8 18. a4 Nh6 19. Nb3 Ra8 20. a5 Kd7
21. Be3 Rhb8 22. Kc2 Nf5 23. Nd4 Nxd4+ 24. Bxd4 e5 25. Bb6 Bc7 26. Bxc7 Kxc7
27. Rhd1 Rb5 28. b4 Kb7 29. Kb3 Ka6 30. f4 Re8 31. Ka4 Rc8 32. fxe5 Rc4 33. Kb3
Rh4 34. Rd2 Rxh2 35. Rad1 Rb7 36. Rxd5 Rxf2 37. Rd6+ Ka7 38. a6 1-0

[Event "16PCR_F"]
[Site "?"]
[Date "2006.??.??"]
[Round "?"]
[White "Trs, Jan"]
[Black "Tyrlik, Jaroslav"]
[Result "1-0"]
[WhiteElo "2252"]
[BlackElo "2076"]
[PlyCount "77"]
[EventDate "2006.??.??"]
[EventType "corr"]
[SourceDate "2007.01.09"]

1. e4 e6 2. d4 d5 3. Nc3 Nf6 4. Bg5 dxe4 5. Nxe4 Nbd7 6. Nxf6+ Nxf6 7. Nf3 h6
8. Bh4 Qd5 9. Be2 g5 10. Bg3 g4 11. Nh4 Qa5+ 12. c3 Rg8 13. Qb3 Ne4 14. O-O-O
Nxg3 15. hxg3 Qb6 16. Qc2 Bd7 17. Qh7 Rg5 18. Bd3 Qa5 19. Bc4 Bb5 20. Bb3 Ba4
21. Bxa4+ Qxa4 22. d5 O-O-O 23. dxe6 Rxd1+ 24. Rxd1 Qxa2 25. Qxf7 Qa1+ 26. Kc2
Qa4+ 27. b3 Qa2+ 28. Kd3 Qa6+ 29. c4 Qd6+ 30. Kc2 Qe7 31. Rd7 Qxf7 32. Rxf7 Ba3
33. Nf5 Kd8 34. Kc3 Rg6 35. Rd7+ Kc8 36. Re7 Rg8 37. f4 Rf8 38. Rf7 Rxf7 39.
exf7 1-0

[Event "16PCR_F"]
[Site "?"]
[Date "2006.??.??"]
[Round "?"]
[White "Cvak, Rudolf"]
[Black "Glaser, Karel"]
[Result "1-0"]
[WhiteElo "2204"]
[BlackElo "2159"]
[PlyCount "121"]
[EventDate "2006.??.??"]
[EventType "corr"]
[SourceDate "2007.01.09"]

1. e4 e5 2. Nf3 Nc6 3. Bb5 a6 4. Ba4 Nf6 5. d4 exd4 6. O-O Be7 7. e5 Ne4 8.
Nxd4 O-O 9. Nf5 d5 10. Bxc6 bxc6 11. Nxe7+ Qxe7 12. Re1 Re8 13. f3 Nd6 14. b3
f6 15. Bb2 Nf7 16. f4 fxe5 17. fxe5 Qg5 18. Qd2 Qg6 19. Re3 Bg4 20. Rg3 Nxe5
21. h3 Qd6 22. Ba3 Qf6 23. Nc3 Bh5 24. Rf1 Qh4 25. Kh2 Bg6 26. Ne2 Qd8 27. Nf4
Qd7 28. Bc5 Rad8 29. Bd4 Re7 30. Qc3 Rde8 31. b4 Qd8 32. Kg1 Qd7 33. a3 Be4 34.
Nh5 Bg6 35. Nxg7 Rxg7 36. Bxe5 Rf7 37. Rxf7 Qxf7 38. Kh2 Re6 39. Rf3 Qe7 40.
Bd4 Qd6+ 41. Kg1 Qe7 42. Bc5 Re1+ 43. Kf2 Qe2+ 44. Kg3 Qe5+ 45. Qxe5 Rxe5 46.
Rf8+ Kg7 47. Ra8 Re6 48. Rxa6 Bxc2 49. Ra7 Kf6 50. a4 Re8 51. a5 Rc8 52. Kf4 h5
53. b5 cxb5 54. a6 d4 55. Bxd4+ Kg6 56. Rb7 Rf8+ 57. Ke3 Re8+ 58. Kd2 Rd8 59.
Rxc7 Rxd4+ 60. Kxc2 Ra4 61. Rc6+ 1-0

[Event "16PCR_F"]
[Site "?"]
[Date "2006.??.??"]
[Round "?"]
[White "Glaser, Karel"]
[Black "Trs, Jan"]
[Result "1-0"]
[WhiteElo "2159"]
[BlackElo "2252"]
[PlyCount "95"]
[EventDate "2006.??.??"]
[EventType "corr"]
[SourceDate "2007.01.09"]

1. e4 c5 2. Nf3 d6 3. d4 cxd4 4. Nxd4 Nf6 5. Nc3 e6 6. Be3 Be7 7. Be2 O-O 8.
O-O Nc6 9. f4 Bd7 10. Nb3 a6 11. a4 b6 12. Bf3 Rb8 13. Qe2 Qc8 14. Rfd1 e5 15.
Nd5 Nxd5 16. exd5 Na5 17. fxe5 Nc4 18. e6 fxe6 19. Nd4 Ne5 20. Be4 exd5 21.
Bxd5+ Kh8 22. h3 Bf6 23. c3 Qe8 24. Rf1 Qg6 25. Ne6 Bxe6 26. Bxe6 Qe4 27. Qd2
Nf3+ 28. Rxf3 Qxe6 29. Re1 Rbe8 30. Bf2 Be5 31. Rxf8+ Rxf8 32. Bxb6 h6 33. a5
Kg8 34. Rd1 Qg6 35. Qd5+ Kh8 36. Bd4 Bf4 37. Kh1 Qg3 38. Bg1 Be5 39. Rd3 Qh4
40. Rf3 Rxf3 41. Qxf3 Qc4 42. Qb7 d5 43. b4 Kh7 44. b5 Qxb5 45. Qxb5 axb5 46.
a6 Bb8 47. a7 Bxa7 48. Bxa7 1-0

[Event "16PCR_F"]
[Site "?"]
[Date "2006.??.??"]
[Round "?"]
[White "Glaser, Karel"]
[Black "Slavik, Miroslav"]
[Result "0-1"]
[WhiteElo "2159"]
[BlackElo "2198"]
[PlyCount "107"]
[EventDate "2006.??.??"]
[EventType "corr"]
[SourceDate "2007.01.09"]

1. e4 c6 2. d4 d5 3. Nc3 dxe4 4. Nxe4 Nd7 5. Nf3 Ngf6 6. Nxf6+ Nxf6 7. Ne5 Bf5
8. c3 Qb6 9. Bd3 Bxd3 10. Qxd3 Qb5 11. Qxb5 cxb5 12. O-O e6 13. f4 g6 14. a4
bxa4 15. Rxa4 a6 16. c4 Rd8 17. c5 Nd5 18. Rf3 f6 19. Nc4 h5 20. Rb3 Rh7 21.
Bd2 Rc8 22. Rf3 Rd7 23. Ra1 b5 24. Na5 Ne7 25. Be3 Nf5 26. Nb3 Ra8 27. Kf2 Rd5
28. g3 g5 29. fxg5 fxg5 30. Bxg5 Nxd4 31. Nxd4 Bxc5 32. Be3 Bxd4 33. Bxd4 Rxd4
34. Ke3 Rb4 35. Raf1 Ke7 36. Rf7+ Kd6 37. Rd1+ Ke5 38. Rd2 h4 39. Kf3 Rb3+ 40.
Kg2 hxg3 41. hxg3 Rg8 42. Re2+ Kd5 43. Rd2+ Kc5 44. Rc2+ Kb4 45. Rf4+ Ka5 46.
Rf3 Ka4 47. Rf4+ b4 48. g4 Rd3 49. Re2 a5 50. Rxe6 Rd2+ 51. Kf3 Rxb2 52. Rf5
Rb3+ 53. Kf2 Rxg4 54. Ra6 0-1

[Event "16PCR_F"]
[Site "?"]
[Date "2006.??.??"]
[Round "?"]
[White "Kasik, Miroslav"]
[Black "Slavik, Miroslav"]
[Result "0-1"]
[WhiteElo "2025"]
[BlackElo "2198"]
[PlyCount "106"]
[EventDate "2006.??.??"]
[EventType "corr"]
[SourceDate "2007.01.09"]

1. e4 c6 2. d4 d5 3. Nc3 dxe4 4. Nxe4 Nd7 5. Nf3 Ngf6 6. Ned2 e6 7. Bd3 c5 8.
O-O cxd4 9. Nxd4 Nc5 10. N2f3 a6 11. c3 Qc7 12. Bc2 b6 13. Bg5 Be7 14. Bh4 Bb7
15. Bg3 Qc8 16. Re1 Bd5 17. a3 Qb7 18. Ne5 b5 19. f3 O-O 20. b3 Qc8 21. b4 Ncd7
22. Qd2 Bd6 23. a4 Bxe5 24. Bxe5 Nxe5 25. Rxe5 Qc7 26. Qe1 bxa4 27. Rxa4 a5 28.
c4 Qxc4 29. bxa5 Qc5 30. f4 Qa7 31. Qe3 Rfc8 32. h3 h6 33. Kh2 Rc5 34. a6 Nd7
35. Rh5 Qb6 36. Qe2 Qb8 37. Qe3 Qb2 38. Be4 Bxe4 39. Qxe4 Qb8 40. Rb4 Qf8 41.
Rxc5 Nxc5 42. Qf3 Rxa6 43. Rc4 Ra4 44. Rxa4 Nxa4 45. Qc6 Nc5 46. h4 Nd3 47. Qe4
Nb4 48. g4 Nd5 49. g5 Qb8 50. Qe5 Qb2+ 51. Ne2 Nc3 52. Qxc3 Qxe2+ 53. Kg3 h5
0-1

[Event "16PCR_F"]
[Site "?"]
[Date "2006.??.??"]
[Round "?"]
[White "Tyrlik, Jaroslav"]
[Black "Houdek, Vladimir"]
[Result "1-0"]
[WhiteElo "2076"]
[BlackElo "2147"]
[PlyCount "103"]
[EventDate "2006.??.??"]
[EventType "corr"]
[SourceDate "2007.01.09"]

1. d4 d5 2. c4 dxc4 3. Nf3 Nf6 4. e3 e6 5. Bxc4 c5 6. O-O a6 7. dxc5 Bxc5 8.
Qxd8+ Kxd8 9. a3 Ke7 10. b3 Rd8 11. Be2 b5 12. Nbd2 Bb7 13. Bb2 Nbd7 14. Rfd1
Kf8 15. a4 Bc6 16. Rac1 Rac8 17. Nd4 Bxd4 18. Bxd4 Nd5 19. e4 Nf4 20. Bf1 f6
21. axb5 Bxb5 22. Nc4 e5 23. Bc3 Rb8 24. Bb4+ Kg8 25. Bd6 Rbc8 26. Be7 Re8 27.
Bb4 Nf8 28. Ba5 N4e6 29. Bb6 Re7 30. Rd5 Rb8 31. Be3 Rc7 32. f3 a5 33. Rd6 a4
34. bxa4 Bxa4 35. Ra1 Be8 36. Nb6 Bf7 37. Nd5 Rcb7 38. Rd1 Ng6 39. Nb6 Rc7 40.
R1d2 Rc1 41. Kf2 Nef8 42. g3 Be6 43. f4 Ne7 44. f5 Bf7 45. Rd8 Rxd8 46. Rxd8
Rc2+ 47. Ke1 Bb3 48. Bb5 Rc7 49. Nd7 Rc8 50. Rxc8 Nxc8 51. Bc5 Nxd7 52. Bxd7
1-0

[Event "16PCR_F"]
[Site "?"]
[Date "2006.??.??"]
[Round "?"]
[White "Kudr, Roman"]
[Black "Struzka, Vlastimil"]
[Result "0-1"]
[WhiteElo "2177"]
[BlackElo "2094"]
[PlyCount "120"]
[EventDate "2006.??.??"]
[EventType "corr"]
[SourceDate "2007.01.09"]

1. Nf3 d5 2. d4 Nf6 3. Bf4 Bf5 4. e3 e6 5. Bd3 Bxd3 6. cxd3 Bd6 7. Bxd6 Qxd6 8.
Nc3 O-O 9. O-O Nbd7 10. e4 Qb6 11. Qd2 Rfe8 12. Rfe1 c6 13. Rab1 dxe4 14. dxe4
e5 15. d5 Rad8 16. dxc6 Nb8 17. Nd5 Nxd5 18. exd5 Nxc6 19. Rbd1 f6 20. Qc2 Ne7
21. Qa4 Rf8 22. d6 Rxd6 23. Rxd6 Qxd6 24. Qxa7 Qb4 25. b3 Nf5 26. Rd1 Rc8 27.
h3 h5 28. Rb1 Kh7 29. a3 Qb5 30. b4 Qd3 31. Ra1 e4 32. Ne1 Qb5 33. Rb1 Qd5 34.
Qa4 Nd4 35. Qd1 Rd8 36. Qd2 Qc4 37. Qb2 f5 38. Kh2 Qb5 39. Qa2 Qe2 40. Qxe2
Nxe2 41. Rb2 Nf4 42. g3 Ne6 43. Ng2 g5 44. h4 Nd4 45. hxg5 Nf3+ 46. Kh3 Nxg5+
47. Kh4 Kg6 48. Ne3 Rd3 49. Rc2 Rxa3 50. Nd5 Nf3+ 51. Kh3 Ra1 52. Nf4+ Kg5 53.
Ne6+ Kf6 54. Nf4 Rh1+ 55. Kg2 Rh2+ 56. Kf1 h4 57. gxh4 Rxh4 58. Nd5+ Ke6 59.
Nc3 Rh1+ 60. Kg2 Ne1+ 0-1

[Event "16PCR_F"]
[Site "?"]
[Date "2006.??.??"]
[Round "?"]
[White "Brichacek, Milan"]
[Black "Cvak, Rudolf"]
[Result "1-0"]
[WhiteElo "2194"]
[BlackElo "2204"]
[PlyCount "159"]
[EventDate "2006.??.??"]
[EventType "corr"]
[SourceDate "2007.01.09"]

1. e4 e5 2. Nf3 Nc6 3. Bb5 a6 4. Ba4 Nf6 5. O-O Be7 6. Re1 b5 7. Bb3 O-O 8. c3
d6 9. h3 Na5 10. Bc2 c5 11. d4 cxd4 12. cxd4 Bb7 13. d5 Nd7 14. b3 Rc8 15. Bd2
Qc7 16. Na3 f5 17. Rc1 Qd8 18. Qe2 fxe4 19. Bxe4 Nf6 20. Rxc8 Bxc8 21. Bc2 Bb7
22. b4 Nc4 23. Nxc4 bxc4 24. Qxc4 Qa8 25. Qc7 Re8 26. Ba4 Nxd5 27. Qd7 Rd8 28.
Qe6+ Kh8 29. Rc1 Rf8 30. Ng5 Bxg5 31. Bxg5 h6 32. Bxh6 Rf6 33. Bxg7+ Kxg7 34.
Qd7+ Rf7 35. Qxd6 Nf6 36. Rc3 Kh8 37. Rg3 Qf8 38. Qxe5 Re7 39. Qg5 Bd5 40. a3
Rg7 41. Qxg7+ Qxg7 42. Rxg7 Kxg7 43. g4 Ne4 44. Bc2 Ng5 45. Kh2 Be4 46. Ba4
Nf3+ 47. Kg3 Nd4 48. Kf4 Bc2 49. Bd7 Bb3 50. a4 Kf6 51. h4 Ke7 52. Bc8 Bc4 53.
h5 Nc2 54. h6 Kf8 55. b5 axb5 56. axb5 Bxb5 57. g5 Nb4 58. g6 Be8 59. Bf5 Nd5+
60. Ke5 Ne7 61. Kf6 Nd5+ 62. Kg5 Bxg6 63. Bxg6 Kg8 64. Bc2 Kh8 65. Bd3 Nc7 66.
Bc4 Ne8 67. f4 Nd6 68. Bd3 Nf7+ 69. Kh5 Nd6 70. Bc2 Kg8 71. Bg6 Nc4 72. f5 Ne5
73. f6 Nd7 74. f7+ Kf8 75. Kg5 Ne5 76. h7 Nxf7+ 77. Kf6 Nh8 78. Bh5 Nf7 79. Kg6
Nh8+ 80. Kh6 1-0

[Event "16PCR_F"]
[Site "?"]
[Date "2006.??.??"]
[Round "?"]
[White "Brichacek, Milan"]
[Black "Kudr, Roman"]
[Result "1/2-1/2"]
[WhiteElo "2194"]
[BlackElo "2177"]
[PlyCount "100"]
[EventDate "2006.??.??"]
[EventType "corr"]
[SourceDate "2007.01.09"]

1. e4 c6 2. d4 d5 3. exd5 cxd5 4. c3 Nc6 5. Bd3 Nf6 6. Bf4 g6 7. Qb3 Bg7 8. Nf3
Nh5 9. Be3 O-O 10. O-O e5 11. dxe5 Nxe5 12. Be2 Ng4 13. Bg5 Qd6 14. Na3 h6 15.
Nb5 Qb6 16. Bd2 Re8 17. Bd3 Bd7 18. Nbd4 Qxb3 19. axb3 Ngf6 20. Nb5 Bxb5 21.
Bxb5 Re7 22. b4 a6 23. Bd3 Ne4 24. Be3 Nhf6 25. Ra5 Rd8 26. b5 axb5 27. Bb6 Rd6
28. Rxb5 Nd7 29. Be3 Ndf6 30. Ra5 Ng4 31. Bf4 Rb6 32. Bc1 Ngf6 33. Re1 Bf8 34.
Rd1 Re8 35. Nd4 Bc5 36. f3 Bxd4+ 37. cxd4 Nd6 38. Bxh6 Rxb2 39. Bc1 Rb3 40. Rc5
Re6 41. Bf4 b6 42. Rcc1 Nb5 43. Be5 Nc3 44. Rd2 Nd7 45. Bg3 b5 46. Rdc2 b4 47.
Be1 Kg7 48. Bxc3 bxc3 49. Rxc3 Rb4 50. Rc7 Nf8 1/2-1/2

[Event "16PCR_F"]
[Site "?"]
[Date "2006.??.??"]
[Round "?"]
[White "Struzka, Vlastimil"]
[Black "Houdek, Vladimir"]
[Result "0-1"]
[WhiteElo "2094"]
[BlackElo "2147"]
[PlyCount "128"]
[EventDate "2006.??.??"]
[EventType "corr"]
[SourceDate "2007.01.09"]

1. d4 d5 2. Nf3 Nf6 3. Bf4 c5 4. e3 Nc6 5. c3 e6 6. Bd3 Qb6 7. b3 Be7 8. O-O
cxd4 9. exd4 Bd7 10. Ne5 Rc8 11. Qf3 O-O 12. Nd2 Rfd8 13. Bg5 Qc7 14. Bxh7+
Kxh7 15. Bxf6 Bxf6 16. Qh5+ Kg8 17. Qxf7+ Kh8 18. Nxd7 Qxd7 19. Qh5+ Kg8 20.
Nf3 Qf7 21. Qg4 e5 22. Rae1 exd4 23. cxd4 Qd7 24. Qf4 Re8 25. h3 a5 26. a4 Rxe1
27. Rxe1 Re8 28. Re3 Bd8 29. Rxe8+ Qxe8 30. Kh2 Qe4 31. Qe3 Bf6 32. Nd2 Qe7 33.
Nf3 Kf7 34. g3 Qb4 35. Kg2 Nxd4 36. Ne5+ Bxe5 37. Qxe5 Qc5 38. Qf4+ Kg8 39. Qe3
Kh7 40. h4 b6 41. Qe5 Nxb3 42. Qf5+ Kh8 43. Qe6 Nd4 44. Qe8+ Kh7 45. Qh5+ Kg8
46. Qe8+ Qf8 47. Qe3 Qf6 48. Qe8+ Kh7 49. Qh5+ Qh6 50. Qd1 Ne6 51. Qxd5 Nc5 52.
f4 Qg6 53. f5 Qf6 54. Qf3 Nxa4 55. Qh5+ Qh6 56. Qe8 Nc5 57. g4 Qd2+ 58. Kh3
Qd3+ 59. Kh2 Qc2+ 60. Kh3 Qe4 61. Qg6+ Kh8 62. g5 Nd3 63. Qxb6 Qxf5+ 64. Kg3
Qf2+ 0-1

[Event "16PCR_F"]
[Site "?"]
[Date "2006.??.??"]
[Round "?"]
[White "Struzka, Vlastimil"]
[Black "Nudcenko, Karel"]
[Result "0-1"]
[WhiteElo "2094"]
[BlackElo "2245"]
[PlyCount "150"]
[EventDate "2006.??.??"]
[EventType "corr"]
[SourceDate "2007.01.09"]

1. d4 d5 2. Nf3 Nf6 3. e3 c5 4. c4 e6 5. cxd5 exd5 6. Nc3 Nc6 7. Be2 cxd4 8.
exd4 Be7 9. O-O O-O 10. Re1 Bf5 11. Bg5 Re8 12. Qb3 Na5 13. Qa4 a6 14. Ne5 b5
15. Qd1 Rc8 16. Rc1 h6 17. Bh4 Nc4 18. Bh5 Nxh5 19. Bxe7 Rxe7 20. Qxh5 Be6 21.
f4 f6 22. Ng6 Re8 23. f5 Bf7 24. Rxe8+ Qxe8 25. Qe2 Qxe2 26. Nxe2 Re8 27. Ngf4
h5 28. h3 Nxb2 29. Rc6 Nd1 30. Rxa6 Ne3 31. g4 hxg4 32. hxg4 Nxg4 33. a4 bxa4
34. Rxa4 Re4 35. Ra8+ Kh7 36. Ra7 Nh6 37. Kf2 Kg8 38. Ra8+ Re8 39. Rxe8+ Bxe8
40. Ng3 Bc6 41. Ke2 Bb7 42. Ng2 Nf7 43. Nf4 Nd6 44. Kf3 Kf7 45. Kg4 Bc6 46. Ng6
Nb5 47. Ne2 Na3 48. Nh4 Nc2 49. Nf3 Ke7 50. Ng3 Bd7 51. Kf4 Bb5 52. Nh5 Kf7 53.
Ng3 Bc4 54. Kg4 Bd3 55. Kf4 Kg8 56. Nh4 Kh7 57. Nf3 Bb5 58. Kg4 Kh6 59. Kf4 Ba6
60. Kg4 Ne3+ 61. Kf4 Ng2+ 62. Kg4 g6 63. Nh2 Bc8 64. Nhf1 Bd7 65. Kf3 Nh4+ 66.
Kf2 Nxf5 67. Ne2 g5 68. Nc3 Bc6 69. Ne2 Bb5 70. Nc3 Bc4 71. Na4 Bxf1 72. Kxf1
g4 73. Nc3 Kg5 74. Nxd5 Nxd4 75. Nb4 f5 0-1

[Event "16PCR_F"]
[Site "?"]
[Date "2006.??.??"]
[Round "?"]
[White "Stika, Vaclav"]
[Black "Trs, Jan"]
[Result "1/2-1/2"]
[WhiteElo "2142"]
[BlackElo "2252"]
[PlyCount "94"]
[EventDate "2006.??.??"]
[EventType "corr"]
[SourceDate "2007.01.09"]

1. e4 d6 2. d4 Nf6 3. Nc3 g6 4. Be3 c6 5. Qd2 Bg7 6. Nf3 b5 7. Bd3 Bg4 8. h3
Bxf3 9. gxf3 a5 10. O-O-O a4 11. Ne2 Nbd7 12. Qb4 Qc7 13. Nc3 O-O 14. f4 Nb8
15. Ne2 Na6 16. Qd2 b4 17. Kb1 c5 18. e5 Nd5 19. Be4 Nxe3 20. fxe3 Rad8 21. h4
dxe5 22. fxe5 Bxe5 23. h5 b3 24. cxb3 axb3 25. a3 Qb6 26. Bd3 g5 27. Nc3 cxd4
28. exd4 Bf4 29. Qg2 Nc7 30. Ne2 Qd6 31. h6 Ne8 32. Rhf1 Kh8 33. Nxf4 gxf4 34.
Qg5 Rg8 35. Qxf4 Qxf4 36. Rxf4 Nd6 37. Rf3 e5 38. dxe5 Nc4 39. Kc1 Nxe5 40. Rh3
Rc8+ 41. Kb1 Nxd3 42. Rhxd3 Rb8 43. a4 f5 44. Kc1 f4 45. a5 Rb5 46. Rf1 Rxa5
47. Rxf4 Ra6 1/2-1/2

[Event "16PCR_F"]
[Site "?"]
[Date "2006.??.??"]
[Round "?"]
[White "Trs, Jan"]
[Black "Nudcenko, Karel"]
[Result "1/2-1/2"]
[WhiteElo "2252"]
[BlackElo "2245"]
[PlyCount "107"]
[EventDate "2006.??.??"]
[EventType "corr"]
[SourceDate "2007.01.09"]

1. d4 Nf6 2. c4 g6 3. Nc3 d5 4. Bf4 Bg7 5. e3 c5 6. dxc5 Qa5 7. Rc1 Ne4 8. cxd5
Nxc3 9. Qd2 Qxa2 10. bxc3 Qa5 11. Nf3 Nd7 12. Bc4 Nxc5 13. O-O O-O 14. Be5 Bxe5
15. Nxe5 f6 16. Ra1 Ne4 17. Qd3 Qxc3 18. Nxg6 Qxd3 19. Nxe7+ Kf7 20. Bxd3 Kxe7
21. Bxe4 f5 22. Bf3 a5 23. Ra4 Bd7 24. Rh4 Rh8 25. Rh6 Ra7 26. Rb6 a4 27. Ra1
Rf8 28. Rh6 Rh8 29. Kf1 b5 30. Ke1 Kf7 31. Rb6 Rc8 32. Kd2 Rc4 33. Ra2 Rac7 34.
Be2 R4c5 35. Bh5+ Kf8 36. Bf3 Rc4 37. d6 R7c5 38. Rb7 Ke8 39. Bh5+ Kd8 40. Bf7
Rh4 41. Rc2 Rxc2+ 42. Kxc2 Bc6 43. Rc7 Be4+ 44. Kc3 Rh6 45. Rc5 Rxd6 46. Rxb5
Rd3+ 47. Kb4 f4 48. g3 fxe3 49. fxe3 Ke7 50. Bc4 Rxe3 51. Re5+ Kf6 52. Re8 a3
53. Bb3 Re2 54. Kxa3 1/2-1/2

[Event "16PCR_F"]
[Site "?"]
[Date "2006.??.??"]
[Round "?"]
[White "Sindelar, Frantisek"]
[Black "Portych, Vaclav"]
[Result "0-1"]
[WhiteElo "2094"]
[BlackElo "2112"]
[PlyCount "112"]
[EventDate "2006.??.??"]
[EventType "corr"]
[SourceDate "2007.01.09"]

1. d4 Nf6 2. c4 e6 3. g3 d5 4. Bg2 dxc4 5. Qa4+ Bd7 6. Qxc4 Bc6 7. Nf3 Bd5 8.
Qa4+ Qd7 9. Qxd7+ Nbxd7 10. Nc3 Bb4 11. Bd2 Bxc3 12. Bxc3 Ne4 13. O-O Nxc3 14.
bxc3 c5 15. Rfe1 Be4 16. Nd2 Bxg2 17. Kxg2 Ke7 18. Rab1 Rab8 19. h4 b5 20. Rec1
Rhc8 21. Nb3 Rb6 22. c4 b4 23. dxc5 Nxc5 24. Kf3 h5 25. Rb2 f6 26. Rcb1 Na4 27.
c5 Ra6 28. Rc2 Nc3 29. Rbb2 Ra3 30. Kg2 a5 31. Rd2 e5 32. f3 e4 33. g4 e3 34.
Rdc2 hxg4 35. fxg4 Ke6 36. Kf3 Kd5 37. h5 Rc6 38. Kf4 Re6 39. Kf3 Re4 40. c6
Kxc6 41. Nc1 Ra4 42. Nd3 Kd6 43. Rb3 Re7 44. Nc1 Kd5 45. Nd3 Rc7 46. Nc1 Kd4
47. Rb1 Rc4 48. Rcb2 Kd5 49. Nd3 Ra3 50. Nf4+ Ke5 51. Ng6+ Kd4 52. Ne7 a4 53.
Nf5+ Ke5 54. Nxg7 Rf4+ 55. Kg3 Ne4+ 56. Kh3 b3 0-1

[Event "16PCR_F"]
[Site "?"]
[Date "2006.??.??"]
[Round "?"]
[White "Brichacek, Milan"]
[Black "Portych, Vaclav"]
[Result "1-0"]
[WhiteElo "2194"]
[BlackElo "2112"]
[PlyCount "153"]
[EventDate "2006.??.??"]
[EventType "corr"]
[SourceDate "2007.01.09"]

1. e4 c5 2. Nf3 Nc6 3. d4 cxd4 4. Nxd4 Nf6 5. Nc3 e5 6. Ndb5 d6 7. Bg5 a6 8.
Na3 b5 9. Bxf6 gxf6 10. Nd5 f5 11. Bd3 Be6 12. O-O Bg7 13. Qh5 f4 14. c4 bxc4
15. Bxc4 O-O 16. Rac1 Rb8 17. b3 Qa5 18. Bd3 Nb4 19. Nc4 Qxa2 20. Bb1 Qxb3 21.
Nxd6 Rfd8 22. Ne7+ Kh8 23. Ndf5 Bxf5 24. exf5 Bf6 25. Qh6 Bg7 26. Qh4 f6 27.
Ng6+ Kg8 28. Nxe5 Rbc8 29. Rxc8 Rxc8 30. Nf3 Qc4 31. Nd2 Qc7 32. Ne4 Rf8 33. h3
a5 34. Qg4 Kh8 35. Rd1 Rf7 36. Qf3 Bf8 37. Nc3 Qc6 38. Be4 Qe8 39. Qxf4 a4 40.
Bf3 Rd7 41. Rxd7 Qxd7 42. Qb8 Kg7 43. Qg3+ Kh8 44. Bd1 a3 45. Bb3 Qg7 46. Qb8
Nc6 47. Qb6 Ne5 48. Qd8 Nc6 49. Qd5 Ne7 50. Qd7 Qg5 51. Qe8 Qc1+ 52. Nd1 Qh6
53. g4 Qg7 54. Ne3 Ng8 55. Nd5 Nh6 56. Nf4 Nxf5 57. Ne6 Qe7 58. Qxe7 Nxe7 59.
Nxf8 Nc6 60. Nd7 Kg7 61. Nc5 Nb4 62. Bd1 Kg6 63. Kg2 Kg5 64. Kg3 Kg6 65. Bf3 h5
66. gxh5+ Kh6 67. Nb3 Kg5 68. h4+ Kh6 69. Kf4 Nd3+ 70. Ke4 Ne5 71. Be2 Nc6 72.
Kd5 Nb4+ 73. Kc4 Nc2 74. Kc3 Ne1 75. Nd4 Ng2 76. Nf5+ Kh7 77. Bg4 1-0

[Event "16PCR_F"]
[Site "?"]
[Date "2006.??.??"]
[Round "?"]
[White "Kudr, Roman"]
[Black "Trs, Jan"]
[Result "1/2-1/2"]
[WhiteElo "2177"]
[BlackElo "2252"]
[PlyCount "89"]
[EventDate "2006.??.??"]
[EventType "corr"]
[SourceDate "2007.01.09"]

1. Nf3 d5 2. d4 Nf6 3. c4 e6 4. e3 a6 5. b3 c5 6. Bd3 Nc6 7. Bb2 cxd4 8. exd4
b6 9. O-O Bb7 10. Re1 Bd6 11. Nc3 O-O 12. cxd5 exd5 13. a3 Qc7 14. b4 b5 15.
Qb3 Rfe8 16. Ne2 Re7 17. Ng3 Rae8 18. Rxe7 Nxe7 19. Re1 Bc8 20. Bc1 Be6 21. Qb1
h6 22. Ne5 Nc8 23. f4 Nb6 24. Bd2 Nc4 25. Qc1 Rc8 26. h3 Qa7 27. Bc3 a5 28. Qa1
Qc7 29. Ne2 axb4 30. Bxb4 Qb6 31. Kh2 Ra8 32. Qc3 Ne4 33. Bxe4 dxe4 34. Bxd6
Nxd6 35. Qc5 Qa5 36. Ra1 Qd2 37. Qxd6 Qxe2 38. f5 Bxf5 39. Nxf7 Re8 40. Qf4
Bxh3 41. Nxh6+ gxh6 42. Qg3+ Qg4 43. gxh3 Qg7 44. Rg1 Qxg3+ 45. Kxg3 1/2-1/2